PGE Ekstraliga i Metalkas 2. Ekstraliga 2026 - Statystyki

Ogólne statystyki
  • Ten quiz został rozwiązany 36 razy
  • Średni wynik to 15 z 16
Statystyki odpowiedzi
Liga Miasto % Poprawnych
Metalkas 2. Ekstraliga Bydgoszcz
100%
PGE Ekstraliga Lublin
100%
PGE Ekstraliga Toruń
100%
PGE Ekstraliga Zielona Góra
100%
PGE Ekstraliga Częstochowa
97%
PGE Ekstraliga Gorzów Wielkopolski
97%
Metalkas 2. Ekstraliga Rzeszów
97%
PGE Ekstraliga Wrocław
97%
PGE Ekstraliga Grudziądz
94%
PGE Ekstraliga Leszno
94%
Metalkas 2. Ekstraliga Krosno
91%
Metalkas 2. Ekstraliga Łódź
91%
Metalkas 2. Ekstraliga Poznań
91%
Metalkas 2. Ekstraliga Rybnik
88%
Metalkas 2. Ekstraliga Piła
85%
Metalkas 2. Ekstraliga Ostrów Wielkopolski
82%
Nie znaleziono quizów pasujących do podanych kryteriów
Rozkład punktacji
Procent ludzi z każdym wynikiem
Percentyl według liczby udzielonych odpowiedzi
Twoja historia wyników
Nie rozwiązałeś tego quizu